Szczegóły MARC21

Podróże literackie, pomosty kulturowe : Niemcy - Austria - Szwajcaria /

003 -Nazwa inst., której nr kontr. jest w polu 001 [,]
    • @
    • Nazwa instytucji, której n kontrolny jest w polu 001
    • NUKAT
005 -DATA I CZAS OSTATNIEJ MODYFIKACJI [,]
    • @
    • pole kontrolne
    • 20241231113955.0
020 -Międzynarod. znormalizowany nr książki - ISBN [ , ]
    • a
    • Numer ISBN
    • 8389247445 Find
040 -Instytucja sporządzająca opis [ , ]
    • a
    • Instytucja, która sporządziła opis (NP)
    • KR U/maj
    • c
    • Instytucja, która sporządziła rekord (NP)
    • KR U/maj
    • d
    • Instytucja, która zmodyfikowała rekord (P)
    • KR U/ES
    • d
    • Instytucja, która zmodyfikowała rekord (P)
    • WR U/JWs
    • d
    • Instytucja, która zmodyfikowała rekord (P)
    • OLSZT/BT
    • d
    • Instytucja, która zmodyfikowała rekord (P)
    • WR O/DSs
942 -Rodzaj dokumentu [ , ]
    • c
    • Rodzaj dokumentu
    • Książka
100 -Hasło główne - nazwa osobowa [1, ]
    • a
    • Nazwa osobowa (NP)
    • Honsza, Norbert
    • d
    • Daty biograficzne (NP)
    • (1933-2020).
    • 9
    • KHW
    • 15595
245 -Strefa tytułu i oznaczenia odpowiedzialności [1,0]
    • a
    • Tytuł
    • Podróże literackie, pomosty kulturowe : Find
    • b
    • Ciąg dalszy tytułu (NP)
    • Niemcy - Austria - Szwajcaria / Find
    • c
    • Pozostałe elementy strefy tytułu i oznaczenia odpowiedzialności (NP)
    • Norbert Honsza ; przedm. i red. Krzysztof Huszcza.
260 -Strefa adresu wydawniczego [ , ]
    • a
    • Miejsce wydania (P)
    • Wrocław :
    • b
    • Nazwa wydawcy (P)
    • Oficyna Wydawnicza Atut - Wrocławskie Wydaw. Oświatowe,
    • c
    • Data wydania (P)
    • 2004.
300 -Strefa opisu fizycznego [ , ]
    • a
    • Określenie formy książki i/lub objętość (NP)
    • 246 s. ;
    • c
    • Format (NP)
    • 21 cm.
336 -Typ zawartości [ , ]
    • a
    • Termin opisujący typ zawartości
    • Tekst
    • b
    • Kod określający zawartość
    • txt
    • 2
    • Źródło (terminu i kodu)
    • rdacontent
337 -Typ mediów [ , ]
    • a
    • Tryb odtwarzania
    • Bez urządzenia pośredniczącego
    • b
    • Kod typu mediów
    • n
    • 2
    • Źródło (terminu i kodu)
    • rdamedia
338 -Typ/rodzaj nośnika [ , ]
    • a
    • Hasło opisujące typ nośnika
    • Wolumin
    • b
    • Kod typu nośnika
    • nc
    • 2
    • Źródło (terminu i kodu)
    • rdacarrier
490 -Strefa serii i książki wielotomowej - forma nie do wyszukiwania [1, ]
    • a
    • Tytuł (P)
    • Biblioteka Austriacka ; Find
    • v
    • Numeracja (P)
    • 22
830 -Hasło dodatkowe serii i opisu książki wielotomowej - tytuł ujednolicony/tytuł [ ,0]
    • a
    • Tytuł ujednolicony/tytuł (NP)
    • Biblioteka Austriacka
    • x
    • ISSN
    • 1689-5363
    • v
    • Oznaczenie tomu (NP)
    • 22
    • 9
    • KHW
    • 12567
080 -Uniwersalna Klasyfikacja Dziesiętna [ , ]
    • a
    • Symbol klasyfikacji
    • 830(091)"19"
080 -Uniwersalna Klasyfikacja Dziesiętna [ , ]
    • a
    • Symbol klasyfikacji
    • +830(436)(091)"19"
080 -Uniwersalna Klasyfikacja Dziesiętna [ , ]
    • a
    • Symbol klasyfikacji
    • +830(494)(091)"19"
650 -Hasło przedmiotowe [ ,7]
    • a
    • Hasło przedmiotowe
    • Literatura austriacka
    • y
    • Określnik chronologiczny
    • 20 w.
    • x
    • Określnik rzeczowy
    • historia i krytyka.
    • 2
    • Źródło terminu
    • kaba
    • 9
    • KHW
    • 364488
650 -Hasło przedmiotowe [ ,7]
    • a
    • Hasło przedmiotowe
    • Literatura niemiecka
    • y
    • Określnik chronologiczny
    • 20 w.
    • x
    • Określnik rzeczowy
    • historia i krytyka.
    • 2
    • Źródło terminu
    • kaba
    • 9
    • KHW
    • 350887
650 -Hasło przedmiotowe [ ,7]
    • a
    • Hasło przedmiotowe
    • Literatura szwajcarska w języku niemieckim
    • y
    • Określnik chronologiczny
    • 20 w.
    • x
    • Określnik rzeczowy
    • historia i krytyka.
    • 2
    • Źródło terminu
    • kaba
    • 9
    • KHW
    • 364487
650 -Hasło przedmiotowe [ ,7]
    • a
    • Hasło przedmiotowe
    • Literatura niemieckojęzyczna
    • y
    • Określnik chronologiczny
    • 20 w.
    • x
    • Określnik rzeczowy
    • historia i krytyka.
    • 2
    • Źródło terminu
    • kaba
    • 9
    • KHW
    • 407350
980 -Symbol UKD [ , ]
    • a
    • UKD
    • 830(091)+830(436)(091)+830(494)(091)]"19"
700 -Hasło dodatkowe - nazwa osobowa [1, ]
    • a
    • Nazwa osobowa (NP)
    • Huszcza, Krzysztof. Find
    • e
    • Określenie rodzaju współpracy
    • Oprac.
    • 9
    • KHW
    • 533459
710 -Hasło dodatkowe - nazwa ciała zbiorowego [2, ]
    • a
    • Nazwa ciała zbiorowego lub nazwa geograficzna jako pierwszy element (NP)
    • Oficyna Wydawnicza Atut, Wrocławskie Wydawnictwo Oświatowe.
    • 4
    • Kod relacji
    • pbl
    • 9
    • KHW
    • 65225
920 -ISBN [ , ]
    • a
    • ISBN
    • 83-89247-44-5 Find
Sygnatura Data inwentaryzacji Lokalizacja Status udost. Numer inwentarzowy
 2005-08-30BM1G.17492
Germ. Literaturozn. – niem. 222022-02-14BM-3BJM.982